000 00215 a2200097 4500
001 41005
100 _aS Sulman Nadvi
245 _aTarikh Arzul Quran
260 _aKarachi
_bDar ul Ishaat
_c
090 _c25240
_d25240
942 _aNUST-CAE
_cM
_c16937
999 _c276078
_d276078